000 00295nam a22001337a 4500
008 171218b xxu||||| |||| 00| 0 eng d
020 _a9780323055543
041 _aeng
080 _26TH
_a61
100 _a3
101 _aSHM
245 _aFAMILY MEDICINE REVIEW
_cTALLIA,A,F
942 _2udc
_cBK
999 _c39085
_d39085